Diccionario de třminos fiscales

Detalles Bibliográficos
Autor principal: Feregrino Paredes, Baltazar
Formato: eBook
Lenguaje:español
Publicado: Mx̌ico D.F. : Ediciones Fiscales ISEF, 2011
Materias:
Acceso en línea:http://www.vlex.com/source/10965

MARC

LEADER 00000nam a22000007a 4500
005 20130404182606.0
007 cr|||| ||||
008 130404e2011 mx |||||s|||| 00||0 spa d
020 |a 978-607-406-281 
035 |a 10965 
040 |a vLex 
090 |c 4121  |d 4121 
100 1 0 |a Feregrino Paredes, Baltazar  
245 1 0 |a Diccionario de třminos fiscales  |c / Baltazar Feregrino Paredes   |h [Recurso electrn̤ico] 
256 |a Servicio en ln̕ea 
260 |a Mx̌ico D.F. :  |b Ediciones Fiscales ISEF,   |c 2011 
300 |a 1 Recurso electrn̤ico 
506 |a Contenido solo disponible en los productos indicados  |d vLex Global  |d vLex Global (Academic Edition, excluding Law Schools)  |d vLex Global (U.S. Academic Edition, Law Schools)  |d vLex Global (U.S. Academic Edition, excluding Law Schools)  |d vLex Global (Academic Edition, Law Schools) 
650 0 4 |a Derecho tributario  |v Diccionarios 
740 |a vLex Libros (Servicio en ln̕ea) 
856 |a Acceso restringido  |u http://www.vlex.com/source/10965 
942 |c BOOK 
999 0 |a Taxation